| 000 | 00550nam a2200157 a 4500 | ||
|---|---|---|---|
| 008 | 131001s2002 ||||||||||||||||| || u | ||
| 020 | _a9781444757248 | ||
| 050 | _aPR 6056 .I4594 S43 | ||
| 100 | _aRanulph,Finennes | ||
| 245 | 1 | 4 |
_aThe secret hunters _cby Fiennes Ranulph |
| 260 |
_aLondon: _bHodder and Stoughton _c2002 |
||
| 300 | _a354p. | ||
| 650 | _aREVENGE--FICTION | ||
| 650 | _aNAZI HUNTERS--FICTION | ||
| 995 |
_FCBU-MAIN LIBRARY (Kitwe) _M1 _UAVAILABLE _WOct 31, 2013 _ZFiction Collection |
||
| 999 |
_c57186 _d57186 |
||